Statistiques concernant Pays autorisant toujours la peine de mort

Cliquez ici pour prendre le quiz!

Statistiques générales

  • Ce quiz a été pris 145 fois
    (106 depuis la dernière actualisation)
  • Le résultat moyen est 26 sur 36

Statistiques - réponses

HintRéponse% Correct
Amérique du NordÉtats-Unis
98%
AsieChine
96%
AsieIrak
90%
AsieJapon
90%
AsieIran
89%
AsieCorée du Nord
86%
AsieViêt Nam
86%
AsieInde
84%
AsieQatar
84%
AsieArabie saoudite
83%
AsieIndonésie
81%
AfriqueÉgypte
80%
AsieAfghanistan
79%
AsieÉmirats arabes unis
79%
AsieThaïlande
79%
AsieYemen
79%
EuropeBiélorussie
78%
AsiePakistan
77%
AfriqueNigeria
75%
AsieSyrie
75%
AsieOman
74%
AfriqueSomalie
74%
AfriqueSoudan
70%
AfriqueLibye
69%
AsieKoweït
67%
AsieMalaisie
67%
AsieBirmanie
63%
AsieJordanie
63%
AfriqueSoudan du Sud
62%
AsieBahreïn
59%
AsieBangladesh
56%
AsieSingapour
53%
AsieTaïwan
52%
AfriqueGuinée-Équatoriale
41%
AfriqueBotswana
37%
AfriqueGambie
37%

Distribution des résultats

Percentile par nombre de réponses

% des personnes avec chaque résultat

Votre développement - résultats

Vous n’avez pas pris ce quiz depuis la dernière actualisation